| 000 | 00494cam a2200193ua 4500 | ||
|---|---|---|---|
| 001 | 6149 | ||
| 008 | 131120n ii |||frmmmmZ001|0|eng | ||
| 020 | _a81-7096-691-4 | ||
| 040 | _cMAIN | ||
| 082 | _a658.1511 | ||
| 245 |
_aManagement Accounting _cBy R.K. Sharma |
||
| 260 |
_aLudhiana: _bKalyani Publishers, _c1982. |
||
| 300 | _ax,1239p. | ||
| 653 | _aCommerce | ||
| 653 | _aManagement Accounting | ||
| 700 |
_aSharma,R.K., _eAuthor., |
||
| 700 |
_aGupta,Shashi K., _eAuthor. |
||
| 942 | _cBK | ||
| 999 |
_c5301 _d5301 |
||